LEADER 02816nam 2200637Ia 450 001 9910458453503321 005 20200520144314.0 010 $a0-295-98984-X 035 $a(CKB)2560000000055016 035 $a(EBL)3444253 035 $a(SSID)ssj0000488453 035 $a(PQKBManifestationID)11316809 035 $a(PQKBTitleCode)TC0000488453 035 $a(PQKBWorkID)10450512 035 $a(PQKB)11662670 035 $a(MiAaPQ)EBC3444253 035 $a(OCoLC)704517505 035 $a(MdBmJHUP)muse7059 035 $a(Au-PeEL)EBL3444253 035 $a(CaPaEBR)ebr10438020 035 $a(CaONFJC)MIL810713 035 $a(EXLCZ)992560000000055016 100 $a20060208d2006 ub 0 101 0 $aeng 135 $aur|n|---||||| 181 $ctxt 182 $cc 183 $acr 200 10$aWindshield wilderness$b[electronic resource] $ecars, roads, and nature in Washington's national parks /$fDavid Louter ; foreword by William Cronon 210 $aSeattle $cUniversity of Washington Press$dc2006 215 $a1 online resource (288 p.) 225 1 $aWeyerhaeuser environmental books 300 $aBased on: Windshield wilderness : the automobile and the meaning of national parks in Washington State / David B. Louter. Thesis (Ph. D.)--University of Washington, 2000. 311 $a0-295-99021-X 311 $a0-295-98606-9 320 $aIncludes bibliographical references (p. 211-225) and index. 327 $a""Contents ""; ""Maps""; ""Foreword""; ""Acknowledgments""; ""Introduction: Nature as We See It""; ""1 / Glaciers and Gasoline: Mount Rainier as a Windshield Wilderness""; ""2 / The Highway in Nature: Mount Rainier and the National Park Service""; ""3 / Wilderness with a View: Olympic and the New Roadless Park""; ""4 / A Road Runs Through It: A Wilderness Park for the North Cascades""; ""5 / Wilderness Threshold: North Cascades and a New Concept of National Parks""; ""Epilogue""; ""Notes""; ""Selected Bibliography""; ""Index"" 410 0$aWeyerhaeuser environmental book. 606 $aRoads$xEnvironmental aspects$zWashington (State) 606 $aNational parks and reserves$xPublic use$zWashington (State) 606 $aNational parks and reserves$zWashington (State)$xManagement 606 $aAutomobiles$xEnvironmental aspects$zWashington (State) 608 $aElectronic books. 615 0$aRoads$xEnvironmental aspects 615 0$aNational parks and reserves$xPublic use 615 0$aNational parks and reserves$xManagement. 615 0$aAutomobiles$xEnvironmental aspects 676 $a333.78/3 700 $aLouter$b David$0983145 801 0$bMiAaPQ 801 1$bMiAaPQ 801 2$bMiAaPQ 906 $aBOOK 912 $a9910458453503321 996 $aWindshield wilderness$92243915 997 $aUNINA LEADER 03215nam 22005535 450 001 9910882896303321 005 20250701111722.0 010 $a3-031-59219-0 024 7 $a10.1007/978-3-031-59219-5 035 $a(MiAaPQ)EBC31609731 035 $a(Au-PeEL)EBL31609731 035 $a(CKB)34145816600041 035 $a(DE-He213)978-3-031-59219-5 035 $a(EXLCZ)9934145816600041 100 $a20240821d2024 u| 0 101 0 $aeng 135 $aurcnu|||||||| 181 $ctxt$2rdacontent 182 $cc$2rdamedia 183 $acr$2rdacarrier 200 10$aSilicon Components and Processes Self Study $eUnit Processes and Process Integration /$fby Badih El-Kareh, Lou N. Hutter 205 $a1st ed. 2024. 210 1$aCham :$cSpringer Nature Switzerland :$cImprint: Springer,$d2024. 215 $a1 online resource (637 pages) 311 08$a3-031-59218-2 327 $aIntro -- Preface -- Contents -- Appendix A: Abbreviations, acronyms -- Appendix B: List of Symbols -- Appendix C: Universal Physical Constants -- Appendix D: Properties of Silicon and Germanium -- Appendix E: Properties of SiO2 and Si3N4 (300 K) -- Appendix F: International System of Units, SI -- Appendix G: The Greek Alphabet -- Appendix H:Conversion Factors -- Appendix I: Periodic Table of the Elements -- Answers to Review Questions -- Solution Manual -- Index. 330 $aThis book is one of a series of five volumes forming an integrated, self-study course on silicon device physics, modes of operation, characterization, and fabrication. The series is based on many years of the author?s experience in academic and industrial teaching of semiconductors. The books are suitable for both class-teaching and self-study. The authors have designed the content to enable readers to be introduced gradually to semiconductors, in particular silicon components. The presentation includes many illustrations, practical examples, review questions and problems at the end of each chapter. Answers to review questions and solutions to problems will be provided for ?self-check?. Complements courses covering silicon device physics, mode of components, characterization, and fabrication; Enables comprehensive, self-study in semiconductors, aimed at practicing engineers or university students; Includes many illustrations, practical examples, review questions and problems at the end of each chapter. 606 $aElectronic circuits 606 $aElectronics 606 $aSolid state physics 606 $aElectronic Circuits and Systems 606 $aElectronics and Microelectronics, Instrumentation 606 $aElectronic Devices 615 0$aElectronic circuits. 615 0$aElectronics. 615 0$aSolid state physics. 615 14$aElectronic Circuits and Systems. 615 24$aElectronics and Microelectronics, Instrumentation. 615 24$aElectronic Devices. 676 $a728.370942 700 $aEl-Kareh$b Badih$0720566 702 $aHutter$b Lou N. 801 0$bMiAaPQ 801 1$bMiAaPQ 801 2$bMiAaPQ 906 $aBOOK 912 $a9910882896303321 996 $aSilicon Components and Processes Self Study$94256396 997 $aUNINA